|
|
|
|
| LEADER |
00000cab a2200000 a 4500 |
| 001 |
vtls010541104 |
| 003 |
SK-MaSNL |
| 005 |
20260318114341.0 |
| 008 |
130906c2013 xo wr p 000 c0ukr |
| 015 |
|
|
|a SNBRB2013/09
|
| 038 |
|
|
|a SVKPOCL
|
| 040 |
|
|
|a SVKPOCL
|b slo
|c SVKPOCL
|e AACR2
|
| 041 |
0 |
|
|a ukr
|
| 044 |
|
|
|a xo
|c SK
|
| 080 |
|
|
|a 80(=16)+908(4)
|2 2001
|
| 080 |
|
|
|a 80(=161.2)+908(477)
|2 2001
|
| 080 |
|
|
|a 821.161.25(437.6)
|2 2001
|
| 080 |
|
|
|a 821.161.25(437.6)-1
|2 2001
|
| 080 |
|
|
|a 398.8
|2 2001
|
| 080 |
|
|
|a 784.4
|2 2001
|
| 245 |
0 |
0 |
|a Pro kochannja
|c zapysala Helena Štefanko-Kot'
|
| 300 |
|
|
|b Fotogr.
|
| 500 |
|
|
|a Ľudová pieseň z pripravovanej zbierky ľudových piesni obce Havaj «Zaspivajme sobi»
|
| 650 |
0 |
7 |
|a rusínska literatúra
|z Slovensko
|2 svkpocl
|9 1032171
|
| 650 |
0 |
7 |
|a rusínska poézia
|z Slovensko
|2 svkpocl
|9 1032172
|
| 650 |
0 |
7 |
|a ľudové piesne
|2 svkpocl
|9 1941
|
| 650 |
0 |
7 |
|a rusínske ľudové piesne
|2 svkpocl
|9 279157
|
| 650 |
0 |
7 |
|a slavistika
|2 svkpocl
|9 4282
|
| 650 |
0 |
7 |
|a ukrajinistika
|2 svkpocl
|9 51200
|
| 651 |
|
7 |
|a Havaj (Slovensko)
|2 svkpocl
|9 26606
|
| 651 |
|
7 |
|a Stropkov (Slovensko : okres)
|2 svkpocl
|9 23137
|
| 651 |
|
7 |
|a Slovensko
|2 svkpocl
|9 14231
|
| 655 |
|
7 |
|a rusínska poézia
|2 svkpocl
|9 70717
|
| 655 |
|
7 |
|a články z novín a časopisov
|2 svkpocl
|9 267496
|
| 700 |
1 |
|
|a Štefanková-Koťová, Helena
|4 oth
|9 657567
|
| 740 |
0 |
2 |
|a A na našim mostyčku, mostyčku ...
|
| 740 |
0 |
2 |
|a A jaka ja sucha, bljada divka, ...
|
| 740 |
0 |
2 |
|a U nas takŷj nočuvav, nočuvav ...
|
| 773 |
0 |
|
|t Nove žyttja
|g Roč. 63, č. 11 (2013), s. 4
|
| 852 |
|
|
|a SVKPO
|b KIS3GCP
|
| 856 |
4 |
1 |
|u www.rusini-ukrajinci.tym.sk
|
| 958 |
|
|
|a UK
|
| 958 |
|
|
|a SK
|
| 958 |
|
|
|a RN
|
| 958 |
|
|
|a SS
|
| 958 |
|
|
|a LX
|
| 999 |
|
|
|c 3362239
|d 3364169
|